[Event "Tatarstan-ch"]
[White "Murzin, Lenar"]
[Black "Islamov, Ilnaz"]
[Site "Kazan"]
[Round "4"]
[Result "1-0"]
[Date "2016.09.19"]
[WhiteElo "2069"]
[BlackElo "1709"]
[PlyCount "85"]
[EventDate "2016.09.16"]
[EventType "swiss"]
[EventRounds "9"]
[EventCountry "RUS"]
[SourceTitle "CBM 174 Extra"]
[Source "ChessBase"]
[SourceDate "2016.10.10"]
[SourceVersion "1"]
[SourceVersionDate "2016.10.10"]
[SourceQuality "1"]

1. d4 Nf6 2. c4 e6 3. Nf3 b6 4. a3 Bb7 5. Nc3 d5 6. Qc2 Nbd7 7. cxd5 exd5 8. g3 Be7 9. Bg2 0-0 10. 0-0 a6 11. Rd1 c5 12. Bg5 h6 13. Bxf6 Nxf6 14. Rac1 Rc8 15. Qf5 Ne4 16. Nxe4 dxe4 17. dxc5 Qe8 18. Ne5 Rxc5 19. Rxc5 Bxc5 20. b4 Qa4 21. Rd7 Bc8 22. Bxe4 g6 23. Nxg6 Qxd7 24. Ne7+ Kg7 25. Qh7+ Kf6 26. Nd5+ Ke5 27. bxc5 f5 28. Qxh6 fxe4 29. Qxf8 Kxd5 30. cxb6 Kc6 31. h4 Kxb6 32. Qb4+ Qb5 33. Qxe4 Ka5 34. h5 Bb7 35. Qb4+ Qxb4 36. axb4+ Kxb4 37. f3 Bd5 38. g4 a5 39. g5 a4 40. h6 Bg8 41. g6 a3 42. h7 a2 43. h8Q 1-0